000 01051nam a2200241 a 4500
001 68962
003 BD-RjUL
005 20211209081832.0
008 150625s1988 bg a b 00| 0 ben d
035 _a(BD-RjUL)69173
040 _aBD-RjUL
_cBD-RjUL
_dBD-RjUL
_bben
041 1 _aben
082 0 4 _223
_a539.7
_bISN 1988
100 1 _aইসলাম, এ. কে. এম. আজহারুল
_9116971
245 1 0 _aনিউক্লীয় পদার্থ বিজ্ঞান /
_cএ. কে. এম. আজহারুল ইসলাম, এম. আমিনুল ইসলাম
250 _a২য় সং.
260 _aঢাকা :
_bবিশ্ববিদ্যালয় মঞ্জুরী কমিশন,
_c১৯৮৮
300 _a৫০১ পৃ.:
_bচিত্র ;
_c২১ সেমি.
650 _aনিউক্লীয় পদার্থবিজ্ঞান
_9116599
650 _aNuclear Physics
_9116600
700 _aইসলাম, এম. আমিনুল
_9116972
942 _2ddc
_cBK
_05
999 _c68962
_d68962